Normal view
MARC view
- Population transfers
Entry Topical Term
001 - CONTROL NUMBER
- control field: 82005
003 - CONTROL NUMBER IDENTIFIER
- control field: TR-AnTOB
005 - DATE AND TIME OF LATEST TRANSACTION
- control field: 20230918173358.0
008 - FIXED-LENGTH DATA ELEMENTS
- fixed length control field: 100518|| azannbabn |n ana
010 ## - LIBRARY OF CONGRESS CONTROL NUMBER
- LC control number: sh2010107692
035 ## - SYSTEM CONTROL NUMBER
- System control number: (TR-AnTOB)82005
040 ## - CATALOGING SOURCE
- Original cataloging agency: DLC
- Language of cataloging: eng
- Transcribing agency: DLC
- Modifying agency: TR-AnTOB
150 ## - HEADING--TOPICAL TERM
- Topical term or geographic name entry element: Population transfers
- General subdivision: Turks
- General subdivision: History
- Chronological subdivision: 20th century
450 ## - SEE FROM TRACING--TOPICAL TERM
- Topical term or geographic name entry element: Nüfus transferi
- General subdivision: Türkler
- General subdivision: Tarih
- Chronological subdivision: 20. yüzyıl
670 ## - SOURCE DATA FOUND
- Source citation: Work cat.: Hē antallagē Hellēnikōn & Tourkikōn plēthysmōn kai hē ektimēsē tōn hekaterōthen enkataleiphtheisōn periousiōn, 1989
688 ## - APPLICATION HISTORY NOTE
- Institution to which field applies: TR-AnTOB
- Application history note: Op 18.09.2023
750 ## - ESTABLISHED HEADING LINKING ENTRY--TOPICAL TERM
- Authority record control number or standard number: https://lccn.loc.gov/sh2010107692
- Source of heading or term: lcsh
750 ## - ESTABLISHED HEADING LINKING ENTRY--TOPICAL TERM
- Authority record control number or standard number: (TR-AnTOB)8459
- Source of heading or term: etuturkob



